Hare's guide to San José and vicinity, for tourists and new settlers ... (Record no. 51868)

MARC details
000 -LEADER
fixed length control field 00733cam a22002291 4500
001 - CONTROL NUMBER
control field rc 01000690
003 - CONTROL NUMBER IDENTIFIER
control field DLC
005 - DATE AND TIME OF LATEST TRANSACTION
control field 20260227111900.0
007 - PHYSICAL DESCRIPTION FIXED FIELD--GENERAL INFORMATION
fixed length control field cr_|||||||||||
008 - FIXED-LENGTH DATA ELEMENTS--GENERAL INFORMATION
fixed length control field 890614s1872 caub 000 0 eng
010 ## - LIBRARY OF CONGRESS CONTROL NUMBER
LC control number rc 01000690
035 ## - SYSTEM CONTROL NUMBER
System control number (OCoLC)19870099
040 ## - CATALOGING SOURCE
Original cataloging agency DLC
Transcribing agency CU-BANC
Modifying agency DLC
042 ## - AUTHENTICATION CODE
Authentication code premarc
050 00 - LIBRARY OF CONGRESS CALL NUMBER
Classification number F869.S33
Item number H2
245 00 - TITLE STATEMENT
Title Hare's guide to San José and vicinity, for tourists and new settlers ...
260 ## - PUBLICATION, DISTRIBUTION, ETC.
Place of publication, distribution, etc. San José,
Name of publisher, distributor, etc. G.H. Hare,
Date of publication, distribution, etc. 1872.
300 ## - PHYSICAL DESCRIPTION
Extent 85 p.
Other physical details fold. maps.
Dimensions 16mo
530 ## - ADDITIONAL PHYSICAL FORM AVAILABLE NOTE
Additional physical form available note Also available in digital form on the Internet Archive Web site.
651 #0 - SUBJECT ADDED ENTRY--GEOGRAPHIC NAME
Geographic name San Jose (Calif.)
General subdivision Description and travel.
856 41 - ELECTRONIC LOCATION AND ACCESS
Uniform Resource Identifier <a href="http://hdl.loc.gov/loc.gdc/scd0001.00171699290">http://hdl.loc.gov/loc.gdc/scd0001.00171699290</a>

No items available.

Powered by Koha